000 00309nam a22001337a 4500
008 210226b ||||| |||| 00| 0 eng d
020 _a9780205162857
041 _aeng
080 _24th
_a37
100 _a46
101 _aEDU
245 _aReading Strategies And Practices
_cTierney , J.R
942 _2udc
_cBK
999 _c55279
_d55279